[Event "EU-ch Rapid"]
[Site "Katowice"]
[Date "2022.12.18"]
[Round "8"]
[White "Ziska, Helgi Dam"]
[Black "Seo, Jung Min"]
[Result "1/2-1/2"]
[WhiteElo "2546"]
[BlackElo "2502"]
[PlyCount "81"]
[EventDate "2022.12.17"]
[EventType "swiss (rapid)"]
[EventRounds "11"]
[EventCountry "POL"]
[SourceTitle "CBM 211 Extra"]
[Source "ChessBase"]
[SourceDate "2023.01.31"]
[SourceVersion "1"]
[SourceVersionDate "2023.01.31"]
[SourceQuality "1"]

1. e4 c5 2. Nf3 d6 3. Bb5+ Nd7 4. 0-0 Ngf6 5. Re1 a6 6. Bf1 e6 7. c3 b5 8. d4 cxd4 9. cxd4 Bb7 10. Nbd2 Be7 11. b3 0-0 12. Bb2 Rc8 13. Bd3 Qb6 14. Qe2 Rfd8 15. Nf1 Nf8 16. Ng3 Ng6 17. Qd2 a5 18. a3 b4 19. axb4 axb4 20. Ra4 d5 21. e5 Ne4 22. Nxe4 dxe4 23. Bxe4 Bxe4 24. Rxe4 Qc6 25. Re2 Qd5 26. Qe3 Qb5 27. Rd2 h6 28. h3 Bf8 29. Ne1 Ne7 30. Qd3 Qb7 31. Qa6 Qe4 32. Qe2 Qb7 33. Qa6 Qe4 34. Re2 Qb1 35. Qd3 Qxd3 36. Nxd3 Nf5 37. Nxb4 Nxd4 38. Bxd4 Rxd4 39. Nc2 Rxa4 40. bxa4 Rc4 41. Ne1 1/2-1/2

[Event "EU-ch Blitz"]
[Site "Katowice"]
[Date "2022.12.16"]
[Round "6"]
[White "Orzech, Dominik"]
[Black "Ziska, Helgi Dam"]
[Result "0-1"]
[WhiteElo "2313"]
[BlackElo "2546"]
[PlyCount "70"]
[EventDate "2022.12.16"]
[EventType "swiss (blitz)"]
[EventRounds "22"]
[EventCountry "POL"]
[SourceTitle "CBM 211 Extra"]
[Source "ChessBase"]
[SourceDate "2023.01.31"]
[SourceVersion "1"]
[SourceVersionDate "2023.01.31"]
[SourceQuality "1"]

1. d4 g6 2. e4 d6 3. Nc3 Bg7 4. Nf3 Nd7 5. Bc4 c6 6. 0-0 d5 7. Bb3 Nb6 8. Re1 Bg4 9. h3 Bxf3 10. Qxf3 Nf6 11. Bg5 dxe4 12. Nxe4 0-0 13. Rad1 a5 14. a3 a4 15. Ba2 Nfd5 16. c4 Nf6 17. Bxf6 exf6 18. d5 cxd5 19. cxd5 f5 20. Nc5 Qc7 21. Rc1 Rac8 22. Rc2 Bd4 23. d6 Qxd6 24. Nxb7 Qf6 25. Rec1 Rxc2 26. Rxc2 Re8 27. g3 Re7 28. Rc6 Qe5 29. Nd6 Kg7 30. Kg2 f6 31. Rxb6 Bxb6 32. Nc8 Qxb2 33. Nxe7 Qxa2 34. Qb7 Qxf2+ 35. Kh1 Qg1# 0-1

[Event "EU-ch Blitz"]
[Site "Katowice"]
[Date "2022.12.16"]
[Round "4"]
[White "Ziska, Helgi Dam"]
[Black "Jonsson, Gauti Pall"]
[Result "1-0"]
[WhiteElo "2546"]
[BlackElo "2045"]
[PlyCount "57"]
[EventDate "2022.12.16"]
[EventType "swiss (blitz)"]
[EventRounds "22"]
[EventCountry "POL"]
[SourceTitle "CBM 211 Extra"]
[Source "ChessBase"]
[SourceDate "2023.01.31"]
[SourceVersion "1"]
[SourceVersionDate "2023.01.31"]
[SourceQuality "1"]

1. e4 d5 2. exd5 Qxd5 3. Nc3 Qd8 4. d4 Nf6 5. Bc4 a6 6. Nf3 b5 7. Bb3 c5 8. dxc5 Qxd1+ 9. Nxd1 e6 10. Be3 Bb7 11. c4 b4 12. a3 bxa3 13. Ba4+ Bc6 14. Rxa3 Be7 15. b4 0-0 16. Nc3 Bxa4 17. Rxa4 Nc6 18. Ke2 Nd7 19. Rha1 Bf6 20. R1a3 Nce5 21. Nxe5 Nxe5 22. b5 Be7 23. Rxa6 Rxa6 24. Rxa6 Nxc4 25. c6 Bb4 26. Na4 Rc8 27. b6 Bd6 28. b7 Rd8 29. Ra8 1-0

[Event "EU-ch Blitz"]
[Site "Katowice"]
[Date "2022.12.16"]
[Round "17"]
[White "Ziska, Helgi Dam"]
[Black "Sahidi, Samir"]
[Result "1-0"]
[WhiteElo "2546"]
[BlackElo "2494"]
[PlyCount "111"]
[EventDate "2022.12.16"]
[EventType "swiss (blitz)"]
[EventRounds "22"]
[EventCountry "POL"]
[SourceTitle "CBM 211 Extra"]
[Source "ChessBase"]
[SourceDate "2023.01.31"]
[SourceVersion "1"]
[SourceVersionDate "2023.01.31"]
[SourceQuality "1"]

1. e4 c6 2. Nc3 d5 3. Nf3 Bg4 4. h3 Bxf3 5. Qxf3 e6 6. d3 Nd7 7. Be2 Ngf6 8. Qg3 Qb8 9. Bf4 e5 10. Bd2 h5 11. Bg5 Bb4 12. 0-0 Bxc3 13. bxc3 dxe4 14. Bxf6 Nxf6 15. Qxg7 Ke7 16. Qg5 Qd6 17. f4 exf3 18. Bxf3 Rag8 19. Qh4 Rh6 20. Rae1 Kd7 21. Be4 Rg7 22. Bf5+ Kc7 23. d4 exd4 24. cxd4 Rh8 25. c4 Rhg8 26. Rf2 Re8 27. Rxe8 Nxe8 28. c5 Qf6 29. Qf4+ Nd6 30. Qxd6+ Qxd6 31. cxd6+ Kxd6 32. Bc2 Kd5 33. Rf4 Ke6 34. Bb3+ Ke7 35. Rf5 Rh7 36. h4 f6 37. Kf2 Rh8 38. g3 b6 39. Bd1 Rd8 40. Ke3 c5 41. d5 Rg8 42. Kf4 c4 43. Rxh5 Kd6 44. Rf5 b5 45. h5 Rh8 46. Rxf6+ Kxd5 47. Bf3+ Kd4 48. g4 b4 49. g5 Kc3 50. Rc6 a5 51. g6 a4 52. g7 Rb8 53. Bd5 b3 54. Rxc4+ Kd2 55. axb3 axb3 56. g8Q 1-0

[Event "Olympiad-44"]
[Site "Chennai"]
[Date "2022.08.05"]
[Round "7.1"]
[White "Ziska, Helgi Dam"]
[Black "Peralta, Fernando"]
[Result "1/2-1/2"]
[WhiteElo "2549"]
[BlackElo "2591"]
[PlyCount "60"]
[EventDate "2022.07.29"]
[EventType "team-swiss"]
[EventRounds "11"]
[EventCountry "IND"]
[SourceTitle "CBM 210"]
[Source "ChessBase"]
[SourceDate "2022.10.31"]
[SourceVersion "1"]
[SourceVersionDate "2022.10.31"]
[SourceQuality "1"]
[WhiteTeam "Faroe Islands"]
[BlackTeam "Argentina"]
[WhiteTeamCountry "FAI"]
[BlackTeamCountry "ARG"]

1. c4 e6 2. g3 d5 3. Bg2 d4 4. Nf3 Nc6 5. 0-0 Bc5 6. d3 Nf6 7. e4 e5 8. Nh4 0-0 9. h3 Re8 10. Na3 g6 11. Nc2 a5 12. Bg5 Be7 13. f4 Nd7 14. Bxe7 Qxe7 15. f5 g5 16. f6 Nxf6 17. Nf5 Bxf5 18. Rxf5 Nd7 19. h4 gxh4 20. Qh5 hxg3 21. Bh3 Kh8 22. Raf1 f6 23. Ne1 Qg7 24. R5f3 Nc5 25. Rxf6 Rf8 26. Rf7 Rxf7 27. Rxf7 Qg6 28. Qf3 Qh6 29. Bf5 Qe3+ 30. Kg2 Qxf3+ 1/2-1/2

[Event "Olympiad-44"]
[Site "Chennai"]
[Date "2022.07.30"]
[Round "2.1"]
[White "Ziska, Helgi Dam"]
[Black "Abdusattorov, Nodirbek"]
[Result "0-1"]
[WhiteElo "2549"]
[BlackElo "2688"]
[PlyCount "62"]
[EventDate "2022.07.29"]
[EventType "team-swiss"]
[EventRounds "11"]
[EventCountry "IND"]
[SourceTitle "CBM 210"]
[Source "ChessBase"]
[SourceDate "2022.10.31"]
[SourceVersion "1"]
[SourceVersionDate "2022.10.31"]
[SourceQuality "1"]
[WhiteTeam "Faroe Islands"]
[BlackTeam "Uzbekistan"]
[WhiteTeamCountry "FAI"]
[BlackTeamCountry "UZB"]

1. e4 c5 2. Nf3 Nc6 3. Bb5 e6 4. 0-0 Nge7 5. c3 a6 6. Ba4 b5 7. Bc2 Bb7 8. Re1 Rc8 9. a4 Ng6 10. Na3 b4 11. Nc4 Na5 12. Nxa5 Qxa5 13. d4 c4 14. Be3 b3 15. Bb1 Be7 16. Nd2 0-0 17. Qe2 Qc7 18. Qh5 f6 19. a5 Qc6 20. f4 Bd6 21. f5 exf5 22. Qxf5 Rfe8 23. Qg4 Bb8 24. h4 Qc7 25. h5 f5 26. Qh3 Nf4 27. Qh4 fxe4 28. Nxe4 Nxg2 29. Kxg2 Bxe4+ 30. Bxe4 Rxe4 31. Qxe4 Qh2+ 0-1

[Event "EU Small Countries ol 7th"]
[Site "Sliema"]
[Date "2021.12.01"]
[Round "5.1"]
[White "Darmanin, Jake"]
[Black "Ziska, Helgi Dam"]
[Result "1/2-1/2"]
[WhiteElo "2106"]
[BlackElo "2541"]
[PlyCount "72"]
[EventDate "2021.11.28"]
[EventType "team-tourn"]
[EventRounds "9"]
[EventCountry "MLT"]
[SourceTitle "CBM 205 Extra"]
[Source "ChessBase"]
[SourceDate "2022.01.31"]
[SourceVersion "1"]
[SourceVersionDate "2022.01.31"]
[SourceQuality "1"]
[WhiteTeam "Malta"]
[BlackTeam "Faroe Islands"]
[WhiteTeamCountry "MLT"]
[BlackTeamCountry "FAI"]

1. e4 c5 2. Nf3 d6 3. c3 Nf6 4. h3 Nc6 5. Bd3 e5 6. Bc2 d5 7. exd5 Qxd5 8. Qe2 Be7 9. Bb3 Qd6 10. Na3 Qc7 11. d4 cxd4 12. Nb5 Qa5 13. Nxe5 Nxe5 14. Qxe5 0-0 15. 0-0 Bd7 16. Qxe7 Bxb5 17. Rd1 dxc3 18. bxc3 Bc6 19. Be3 Qf5 20. Qc5 Qg6 21. Qg5 Qxg5 22. Bxg5 Ne4 23. Be3 Nxc3 24. Rd3 Ne4 25. Rad1 h6 26. f3 Ng5 27. Rd6 Rfe8 28. Kf2 a6 29. h4 Ne6 30. g4 Rad8 31. Bxe6 Rxd6 32. Bxf7+ Kxf7 33. Rxd6 Re5 34. Rd3 Ra5 35. a3 h5 36. Kg3 g6 1/2-1/2

[Event "FAI-chT 2021"]
[Site "Faroe Islands"]
[Date "2021.02.28"]
[Round "9.1"]
[White "Hamitevici, Vladimir"]
[Black "Ziska, Helgi Dam"]
[Result "0-1"]
[WhiteElo "2461"]
[BlackElo "2535"]
[PlyCount "94"]
[EventDate "2020.10.04"]
[EventType "team-tourn"]
[EventRounds "10"]
[EventCountry "FAI"]
[SourceTitle "EXT 2022"]
[Source "ChessBase"]
[SourceDate "2021.10.06"]
[SourceVersion "1"]
[SourceVersionDate "2021.10.06"]
[SourceQuality "1"]
[WhiteTeam "Klaksvik"]
[BlackTeam "Havnin"]
[WhiteTeamCountry "FAI"]
[BlackTeamCountry "FAI"]

1. d4 Nf6 2. c4 g6 3. Nc3 Bg7 4. e4 d6 5. h3 e5 6. d5 a5 7. Be3 Na6 8. Nf3 0-0 9. g4 Nd7 10. a3 Nb6 11. Rg1 Kh8 12. h4 Bd7 13. h5 gxh5 14. gxh5 f5 15. h6 Bf6 16. exf5 Bxf5 17. Bd3 Qd7 18. Qc2 Bxd3 19. Qxd3 Qh3 20. Ke2 Rae8 21. Ne4 Qf5 22. Rg3 Nd7 23. Rag1 Nac5 24. Nxc5 e4 25. Nxe4 Rxe4 26. Kf1 Ne5 27. Nxe5 Bxe5 28. b3 c6 29. Qd2 cxd5 30. cxd5 Bxg3 31. Rxg3 Rg4 32. Qc3+ Kg8 33. Rxg4+ Qxg4 34. Qxa5 Qd1+ 35. Kg2 Qxb3 36. Kh2 Qc4 37. Qd2 Rf5 38. Qd1 Kf7 39. Kg1 Qxd5 40. Qg4 Qe5 41. Kf1 d5 42. Bd4 Rg5 43. Qd7+ Qe7 44. Qc8 Kg6 45. Be3 Rf5 46. Bc5 Qe4 47. Be3 Qc4+ 0-1

[Event "FAI-chT 2021"]
[Site "Faroe Islands"]
[Date "2021.02.07"]
[Round "7.1"]
[White "Petersen, Terji"]
[Black "Ziska, Helgi Dam"]
[Result "1/2-1/2"]
[WhiteElo "1986"]
[BlackElo "2535"]
[PlyCount "63"]
[EventDate "2020.10.04"]
[EventType "team-tourn"]
[EventRounds "10"]
[EventCountry "FAI"]
[SourceTitle "EXT 2022"]
[Source "ChessBase"]
[SourceDate "2021.10.06"]
[SourceVersion "1"]
[SourceVersionDate "2021.10.06"]
[SourceQuality "1"]
[WhiteTeam "Klaksvik II"]
[BlackTeam "Havnin"]
[WhiteTeamCountry "FAI"]
[BlackTeamCountry "FAI"]

1. d4 Nf6 2. c4 g6 3. Nc3 Bg7 4. e4 d6 5. f3 0-0 6. Be3 Nbd7 7. Qd2 a6 8. g4 e5 9. d5 h5 10. h3 Nh7 11. gxh5 Qh4+ 12. Qf2 Qxh5 13. Be2 f5 14. exf5 Qxf5 15. 0-0-0 b5 16. Bd3 Qh5 17. cxb5 axb5 18. Qg3 Bh6 19. Bxh6 Qxh6+ 20. Kb1 Kg7 21. Nxb5 Nc5 22. Bc2 Nf6 23. Nxc7 Rb8 24. Ne2 Rb7 25. Ne6+ Nxe6 26. dxe6 Ne8 27. Rdg1 Rf6 28. h4 Qd2 29. Qe1 Qxe1+ 30. Rxe1 Bxe6 31. Reg1 Bd5 32. h5 1/2-1/2

[Event "EU-ch blitz"]
[Site "Tallinn"]
[Date "2019.12.07"]
[Round "8"]
[White "Saveliev, Alexei"]
[Black "Ziska, Helgi Dam"]
[Result "1-0"]
[WhiteElo "2279"]
[BlackElo "2614"]
[PlyCount "49"]
[EventDate "2019.12.07"]
[EventType "swiss (blitz)"]
[EventRounds "22"]
[EventCountry "EST"]
[SourceTitle "CBM 193 Extra"]
[Source "ChessBase"]
[SourceDate "2020.01.31"]
[SourceVersion "1"]
[SourceVersionDate "2020.01.31"]
[SourceQuality "1"]

1. e4 c5 2. Nf3 d6 3. d4 cxd4 4. Nxd4 Nf6 5. Nc3 a6 6. Be2 e5 7. Nb3 Be7 8. Be3 Be6 9. Nd5 Nbd7 10. Qd3 Rc8 11. 0-0 Bxd5 12. exd5 0-0 13. c4 a5 14. Nd2 Nc5 15. Bxc5 Rxc5 16. b3 Nd7 17. a3 f5 18. b4 Rc8 19. Nb3 e4 20. Qd2 Bg5 21. Qa2 b6 22. Nd4 Qf6 23. Ne6 Rfe8 24. Rab1 Bd2 25. Qxd2 1-0